000
00207nam a22000857a 4500
008
170130b xxu||||| |||| 00| 0 eng d
100
_9
2658
_a
Aggarwal.R.N
245
_a
Biology Lab-8
260
_a
New delhi
_b
AP
_c
2010
999
_c
5814
_d
5814